Pred jubilejným ročníkom medzinárodného veľtrhu CONECO

Ministerstvo výstavby a verejných prác SR je už tradične jedným z gestorov medzinárodného stavebného veľtrhu CONECO. Súčasne s vystavovanými exponátmi počas veľtrhu sú rôzne sprievodné odborné akcie a spoločenské podujatia. Predpoklad zvýšeného záujmu vystavovateľov o účasť na tomto medzinárodnom st...

Ausführliche Beschreibung

Gespeichert in:
Bibliographische Detailangaben
1. Verfasser: Harna, Ištván
Format: Buchkapitel
Sprache:Slowakisch
Schlagworte:
Tags: Tag hinzufügen
Keine Tags, Fügen Sie das erste Tag hinzu!

MARC

LEADER 00000naa a2200000 4500
001 r034734
005 20230925100553.9
041 0 |a slo 
044 |a SK 
245 1 0 |a Pred jubilejným ročníkom medzinárodného veľtrhu CONECO  |c István Harna 
520 |a Ministerstvo výstavby a verejných prác SR je už tradične jedným z gestorov medzinárodného stavebného veľtrhu CONECO. Súčasne s vystavovanými exponátmi počas veľtrhu sú rôzne sprievodné odborné akcie a spoločenské podujatia. Predpoklad zvýšeného záujmu vystavovateľov o účasť na tomto medzinárodnom stavebnom veľtrhu. 
610 2 0 |a stavebníctvo 
610 2 0 |a veľtrhy 
610 2 0 |a Slovensko 
610 2 0 |a Bratislava 
610 2 0 |a CONECO 
610 2 0 |a výstavba investičná 
610 2 0 |a výstavy 
610 2 0 |a práce verejné 
610 2 0 |a legislatíva 
610 2 0 |a konferencie 
610 2 0 |a Európa 
610 2 0 |a USA 
100 1 |a Harna, Ištván